Central Library OPAC University of Rajshahi

The political community : (Record no. 59234)

MARC details
000 -LEADER
fixed length control field 00764nam a2200241 a 4500
001 - CONTROL NUMBER
control field 59234
003 - CONTROL NUMBER IDENTIFIER
rucl marc code BD-RjUL
005 - DATE AND TIME OF LATEST TRANSACTION
control field 20211209080716.0
008 - FIXED-LENGTH DATA ELEMENTS--GENERAL INFORMATION
fixed length control field 161222s1948 ilu 001 0 eng
035 ## - SYSTEM CONTROL NUMBER
System control number (BD-RjUL)59358
040 ## - CATALOGING SOURCE
Original cataloging agency DLC
Transcribing agency WSU
Modifying agency BD-RjUL
Language of cataloging eng
041 ## - LANGUAGE CODE
Language code of text/sound track or separate title eng
082 ## - DEWEY DECIMAL CLASSIFICATION NUMBER
Classification number 320.15
Edition number 23
Author mark and year GRP 1948
100 1# - MAIN ENTRY--PERSONAL NAME
Personal name Grazia, Sebastian De
9 (RLIN) 176173
245 14 - TITLE STATEMENT
Title The political community :
Remainder of title a study of anomie /
Statement of responsibility, etc. by Sebastian De Grazia.
260 ## - PUBLICATION, DISTRIBUTION, ETC. (IMPRINT)
Place of publication, distribution, etc. Chicago :
Name of publisher, distributor, etc. University of Chicago Press,
Date of publication, distribution, etc. c1948.
300 ## - PHYSICAL DESCRIPTION
Pagination xx, 258 p. ;
Size 24 cm.
500 ## - GENERAL NOTE
General note Bibliographical references included in "Notes" (p. [193]-242) - Includes indexes.
650 #0 - SUBJECT ADDED ENTRY--TOPICAL TERM
Topical term or geographic name as entry element Anomy
9 (RLIN) 176174
Topical term or geographic name as entry element Belief and doubt
9 (RLIN) 176175
Topical term or geographic name as entry element State, The
9 (RLIN) 171550
942 ## - ADDED ENTRY ELEMENTS (KOHA)
Source of classification or shelving scheme Dewey Decimal Classification
Koha item type Books
Holdings
Lost status Source of classification or shelving scheme Damaged status Not for loan Collection code Permanent Location Current Location Shelving location Date acquired Source of acquisition Cost, normal purchase price Total Checkouts Full call number Date last seen Copy number Koha item type
  Dewey Decimal Classification   Not For Loan Non-fiction Central Library, University of Rajshahi Central Library, University of Rajshahi Reading Room 14/09/1968 Zeitlinger 17.60   320.15 GRP 1948 22/12/2016 C-1 Books
  Dewey Decimal Classification     Non-fiction Central Library, University of Rajshahi Central Library, University of Rajshahi   24/09/1968 Zeitlinger 17.60   320.15 GRP 1948 03/04/2017 C-2 Books